| 000 | 00781nam a2200205 a 4500 | ||
|---|---|---|---|
| 005 | 20161214172544.0 | ||
| 008 | 161214s2002 ck d||||r|||| 00| 0 spa d | ||
| 040 |
_aCO-BoIAVH _cCO-BoIAVH |
||
| 041 | 0 | _aspa | |
| 044 | _ack | ||
| 090 |
_aEA- _b413 |
||
| 245 | 0 | 0 |
_aSutamarchán : _bagendas ambientales municipales / |
| 260 |
_aVilla de Leyva (Boyacá, Colombia) : _bCorporación Colegio Verde de Villa de Leyva : _bEcofondo, _c2002. |
||
| 300 |
_a28 páginas aproximadamente sin numerar : _btablas ; _c28 x 22 cm. |
||
| 490 | 0 | _aCuadernos verdes | |
| 650 | 2 | 6 |
_aProtección ambiental _zSutamarchán (Boyacá, Colombia) _vAgenda |
| 650 | 2 | 6 |
_aEducación ambiental _zSutamarchán (Boyacá, Colombia) |
| 662 |
_aColombia _dSutamarchán _bBoyacá |
||
| 942 |
_cFolleto _2z |
||
| 999 |
_c6980 _d6980 |
||